Guadalajara (Record no. 1988)

MARC details
000 -CABECERA
campo de control de longitud fija 00901nam a2200217 a 4500
001 - NÚMERO DE CONTROL
campo de control BRCA_2237
005 - FECHA Y HORA DE LA ÚLTIMA TRANSACCIÓN
campo de control 20190320203726.0
008 - DATOS DE LONGITUD FIJA--INFORMACIÓN GENERAL
campo de control de longitud fija 891026s1988 mx-a---###---l000-0#spa-#
020 ## - NÚMERO INTERNACIONAL ESTÁNDAR DEL LIBRO
Número Internacional Estándar del Libro 9687009160
040 ## - FUENTE DE LA CATALOGACIÓN
Centro catalogador/agencia de origen DLC
Centro/agencia transcriptor DLC
Centro/agencia modificador DLC
050 #4 - SIGNATURA TOPOGRÁFICA DE LA BIBLIOTECA DEL CONGRESO
Número de clasificación F1391.G8
Número de documento/Ítem .G83 1988
245 10 - MENCIÓN DE TÍTULO
Título Guadalajara
Resto del título la perla del occidente de México
Mención de responsabilidad, etc. textos José Luis Martínez, Guillermo García Oropeza ; fotografías Ignacio Urquiza.
260 ## - PUBLICACIÓN, DISTRIBUCIÓN, ETC.
Lugar de publicación, distribución, etc. México
Nombre del editor, distribuidor, etc. Ayuntamiento de Guadalajara : Dirección Regional Guadalajara : Fomento Cultural Banamex
Fecha de publicación, distribución, etc. 1988
300 ## - DESCRIPCIÓN FÍSICA
Extensión 141 p., [102] p. de láminas
Otras características físicas il. a color
Dimensiones 31 cm.
651 #4 - PUNTO DE ACCESO ADICIONAL DE MATERIA--NOMBRE GEOGRÁFICO
Nombre geográfico Guadalajara
Subdivisión general Descripción y viajes.
Subdivisión geográfica Jalisco (México)
9 (RLIN) 6722
651 #4 - PUNTO DE ACCESO ADICIONAL DE MATERIA--NOMBRE GEOGRÁFICO
Nombre geográfico Guadalajara
Subdivisión general Trabajos ilustrados.
Subdivisión geográfica Jalisco (México)
9 (RLIN) 6723
700 1# - PUNTO DE ACCESO ADICIONAL--NOMBRE DE PERSONA
Nombre de persona Martínez, José Luis
Fechas asociadas al nombre 1918-
9 (RLIN) 6724
700 1# - PUNTO DE ACCESO ADICIONAL--NOMBRE DE PERSONA
Nombre de persona García Oropeza, Guillermo
9 (RLIN) 5665
700 1# - PUNTO DE ACCESO ADICIONAL--NOMBRE DE PERSONA
Nombre de persona Urquiza, Ignacio
9 (RLIN) 6725
942 ## - ELEMENTOS DE PUNTO DE ACCESO ADICIONAL (KOHA)
Fuente del sistema de clasificación o colocación Library of Congress Classification
Tipo de ítem Koha Libros
Holdings
Estado de retiro Estado de pérdida Estado dañado No para préstamo Localización permanente Ubicación/localización actual Fecha de adquisición Total de préstamos Signatura topográfica completa Código de barras Fecha visto por última vez Precio válido a partir de Tipo de ítem Koha
El ejemplar forma parte de la colección y puede ser consultado según las políticas vigentes.       Biblioteca del Museo Franz Mayer (Rogerio Casas-Alatriste) Biblioteca del Museo Franz Mayer (Rogerio Casas-Alatriste) 14/08/2008   F1391.G8 .G83 1988 02286 22/03/2019 22/03/2019 Libros